Guess the Taylor Swift song no hints #37 - Statistics

General Stats
  • This quiz has been taken 54 times
  • The average score is 289 of 383
Answer Stats
Answer % Correct
a
100%
I
100%
(I)
100%
you
100%
You
100%
you)
100%
(you
100%
it
98%
(it
98%
mm-mm
98%
one
98%
your
98%
I'm
95%
in
95%
the
95%
You're
95%
And
93%
and
93%
be
93%
is
93%
me
93%
If
90%
know
90%
that
90%
to
90%
love
88%
(Love)
88%
it's
85%
all
83%
at
83%
do
83%
for
83%
I'll
83%
of
83%
By
80%
could
80%
Could
80%
my
80%
are
78%
can
78%
so
78%
Where
78%
how
76%
How
76%
like
76%
this
76%
But
73%
can't
73%
see
73%
Cause
71%
now
68%
ever
66%
here
63%
night
59%
night)
59%
dream
56%
again?
51%
down
51%
Standing
51%
standing
51%
away
49%
you've
49%
gets
46%
These
46%
time
46%
bottle
44%
hoping
44%
Message
44%
sleep
44%
far
41%
made
39%
(yeah
39%
yeah)
39%
days
37%
Look
37%
reason
37%
waiting
37%
London?
34%
(London)
34%
wondering
34%
(wondering)
34%
eyes
32%
Feeling
29%
kinda
29%
crowd
27%
face
27%
frightening
27%
keep
27%
while
27%
reaching
24%
terrified
24%
freckles
22%
hypnotized
22%
tied
22%
Tongue
22%
bright
20%
restless
20%
became
17%
Disaster
17%
endless
17%
laughter
17%
Work
17%
faster
15%
moves
15%
Replaying
12%
No matching quizzes found
Score Distribution
Percent of People with Each Score
Percentile by Number Answered
Your Score History
You have not taken this quiz